TV màu phân tích 100 pan

Guardat en:
Dades bibliogràfiques
Autor principal: Phan, Tấn Uẩn
Format: Llibre
Idioma:Undetermined
Publicat: Thành phố Hồ Chí Minh Nhà xuất bản Thành phố Hồ Chí Minh 2001
Matèries:
Etiquetes: Afegir etiqueta
Sense etiquetes, Sigues el primer a etiquetar aquest registre!
Thư viện lưu trữ: Trung tâm Học liệu Trường Đại học Cần Thơ
LEADER 00619nam a2200205Ia 4500
001 CTU_93182
008 210402s9999 xx 000 0 und d
020 |c 30000 
082 |a 621.388 
082 |b U502 
100 |a Phan, Tấn Uẩn 
245 0 |a TV màu phân tích 100 pan 
245 0 |c Phan Tấn Uẩn 
260 |a Thành phố Hồ Chí Minh 
260 |b Nhà xuất bản Thành phố Hồ Chí Minh 
260 |c 2001 
650 |a Color television 
650 |x Maintenance and repair 
904 |i Tuyến,Hải 
980 |a Trung tâm Học liệu Trường Đại học Cần Thơ